| 000 | 00381nam a22001457a 4500 | ||
|---|---|---|---|
| 020 | _a9813091622 | ||
| 082 |
_a004.65 _bDUR _cL-2, P-128 |
||
| 245 |
_aNetworking ibm pcs _cDurr, Michael |
||
| 250 | _a2nd | ||
| 260 |
_aUSA _bTech Publications _c1987 |
||
| 300 |
_axiv, 202 p.: _bill.; _c22 cm. |
||
| 526 |
_a0 _b0 _c0 _d004_650000000000000_DUR |
||
| 650 |
_aMCE _9379 |
||
| 942 |
_2ddc _cBK |
||
| 999 |
_c541603 _d541603 |
||